000 00493nam a2200181Ia 4500
005 20250603145415.0
008 250603s9999 xx 000 0 und d
020 _a9789785580493
050 _aPR 601 .N38/
100 _aNational Association of Students of English and Literary Studies (NASELS)
245 0 _aNASELS: anthology of fiction and poetry 2018
260 _aAbuja
260 _bMAZARIYYA Books Limited
260 _c2018
300 _a115 p
650 _aAbuja
942 _cBK
999 _c41769
_d41769